000 00274nam a22001217a 4500
008 170224b xxu||||| |||| 00| 0 eng d
041 _aeng
080 _a616.31
100 _a5
101 _aSHS
245 _aCOMPRESIVE REVIEW OF DENTISTRY
_cTRAPOZZANO.V.R
942 _2udc
_cBK
999 _c6180
_d6180